Three views on Eastern Orthodoxy and evangelicalism / (Registro nro. 9683)

Detalles MARC
000 -LEADER
campo de control de longitud fija 02902cam a22005054a 4500
003 - IDENTIFICADOR DE NÚMERO DE CONTROL
campo de control PE-LiUPU
005 - FECHA Y HORA DE LA ÚLTIMA TRANSACCIÓN
campo de control 20250731172846.0
008 - DATOS DE LONGITUD FIJA--INFORMACIÓN GENERAL
campo de control de longitud fija 040326s2004 miu b 001 0 eng
020 ## - NÚMERO INTERNACIONAL ESTÁNDAR DEL LIBRO
Número Internacional Estándar del Libro 0310235391
020 ## - NÚMERO INTERNACIONAL ESTÁNDAR DEL LIBRO
Número Internacional Estándar del Libro 9780310235392
035 ## - NÚMERO DE CONTROL DEL SISTEMA
Número de control de sistema (Sirsi) i9780310235392
040 ## - FUENTE DE CATALOGACIÓN
Centro catalogador/agencia de origen PE-LiUPU
Lengua de catalogación spa
Centro/agencia transcriptor PE-LiUPU
Normas de descripción rda
049 ## - FONDOS LOCALES (OCLC)
Biblioteca depositaria PRUA
082 00 - NÚMERO DE LA CLASIFICACIÓN DECIMAL DEWEY
Número de clasificación 280.042
Cutter N26
Número de edición 22
100 1# - ENTRADA PRINCIPAL--NOMBRE DE PERSONA
Nombre de persona Nassif, Bradley
245 00 - MENCIÓN DEL TÍTULO
Título Three views on Eastern Orthodoxy and evangelicalism /
Mención de responsabilidad, etc. Bradley Nassif [y otros]. ; James J. Stamoolis, editor general.
264 ## - PRODUCCIÓN, PUBLICACIÓN, DISTRIBUCIÓN, FABRICACIÓN Y COPYRIGHT
Producción, publicación, distribución, fabricación y copyright Grand Rapids, Michigan. :
Nombre del de productor, editor, distribuidor, fabricante Zondervan,
Fecha de producción, publicación, distribución, fabricación o copyright 2004.
300 ## - DESCRIPCIÓN FÍSICA
Extensión 294 páginas ;
Dimensiones 21 centímetros.
336 ## - TIPO DE CONTENIDO
Término de tipo de contenido text
Fuente rdacontent
337 ## - TIPO DE MEDIO
Nombre/término del tipo de medio unmediated
Fuente rdamedia
338 ## - TIPO DE SOPORTE
Nombre/término del tipo de soporte volume
Fuente rdacarrier
490 1# - MENCIÓN DE SERIE
Mención de serie Counterpoints
504 ## - NOTA DE BIBLIOGRAFÍA, ETC.
Nota de bibliografía, etc. Índices : páginas 287-294.
505 0# - NOTA DE CONTENIDO CON FORMATO
Nota de contenido con formato Introduction / James J. Stamoolis -- Are Eastern Orthodoxy and Evangelicalism compatible? Yes : the Evangelical theology of the Eastern Orthodox Church / Bradley Nassif -- Responses / Michael Horton, Vladimir Berzonsky, George Hancock-Stefan, Ed Rommen -- Conclusion / Bradley Nassif -- Are Eastern Orthodoxy and Evangelicalism compatible? No : an Evangelical perspective / Michael Horton -- Responses / Bradley Nassif, Vladimir Berzonsky, George Hancock-Stefan, Ed Rommen -- Conclusion / Michael Horton -- Are Eastern Orthodoxy and Evangelicalism compatible? No : an Orthodox perspective / Vladimir Berzonsky -- Responses / Bradley Nassif, Michael Horton, George Hancock-Stefan, Ed Rommen -- Conclusion / Vladimir Berzonsky -- Are Eastern Orthodoxy and Evangelicalism compatible? Maybe : an Evangelical perspective / George Hancock-Stefan -- Responses / Bradley Nassif, Michael Horton, Vladimir Berzonsky, Ed Rommen -- Conclusion / George Hancock-Stefan -- Are Eastern Orthodoxy and Evangelicalism compatible? Maybe : an Orthodox perspective / Ed Rommen -- Responses / Bradley Nassif, Michael Horton, Vladimir Berzonsky, George Hancock-Stefan -- Conclusion / Ed Rommen -- Epilogue / James J. Stamoolis.
526 ## - NOTA DE INFORMACIÓN SOBRE EL PROGRAMA DE ESTUDIO
Nombre del programa Segunda Especialidad En Profecías Bíblicas
526 ## - NOTA DE INFORMACIÓN SOBRE EL PROGRAMA DE ESTUDIO
Nombre del programa Segunda Especialidad En Nuevo Testamento
526 ## - NOTA DE INFORMACIÓN SOBRE EL PROGRAMA DE ESTUDIO
Nombre del programa Segunda Especialidad En Antiguo Testamento
526 ## - NOTA DE INFORMACIÓN SOBRE EL PROGRAMA DE ESTUDIO
Nombre del programa Segunda Especialidad En Estudios Adventistas
526 ## - NOTA DE INFORMACIÓN SOBRE EL PROGRAMA DE ESTUDIO
Nombre del programa Doctorado en teología
526 ## - NOTA DE INFORMACIÓN SOBRE EL PROGRAMA DE ESTUDIO
Nombre del programa Maestría en teología histórica
526 ## - NOTA DE INFORMACIÓN SOBRE EL PROGRAMA DE ESTUDIO
Nombre del programa Maestría en teología bíblica
526 ## - NOTA DE INFORMACIÓN SOBRE EL PROGRAMA DE ESTUDIO
Nombre del programa Maestría en teología
526 ## - NOTA DE INFORMACIÓN SOBRE EL PROGRAMA DE ESTUDIO
Nombre del programa Maestría en misionología
526 ## - NOTA DE INFORMACIÓN SOBRE EL PROGRAMA DE ESTUDIO
Nombre del programa Maestría en liderazgo eclesiástico
526 ## - NOTA DE INFORMACIÓN SOBRE EL PROGRAMA DE ESTUDIO
Nombre del programa Teología
596 ## -
-- 1
650 #0 - PUNTO DE ACCESO ADICIONAL DE MATERIA--TÉRMINO DE MATERIA
Término de materia o nombre geográfico como elemento de entrada Evangelicalismo
Subdivisión general Relaciones
-- Iglesia Ortodoxa Oriental.
700 1# - ENTRADA AGREGADA--NOMBRE PERSONAL
Nombre de persona Stamoolis, James J.
Término indicativo de función/relación editor
910 ## - DATOS DE OPCIÓN DEL USUARIO (OCLC)
Datos de opción del usuario jck
-- bpc
-- bpc
-- 20160510
942 ## - ELEMENTOS DE ENTRADA SECUNDARIOS (KOHA)
Fuente del sistema de clasificación o colocación Clasificación Decimal Dewey
Tipo de ítem Koha
949 ## - PROCESAMIENTO DE INFORMACIÓN LOCAL (OCLC)
a 280.042 N26
w DEWEY
c 1
i 73404
l CCODEBUL1
m BUL
p 22.99
r 0
s Y
t BOOK
u 2016-6-2
x TEOLOGIA
-- P35
0 COMPRA
o .STAFF. Colección General
994 ## -
-- C0
-- PEPRU
999 ## - NÚMEROS DE CONTROL DE SISTEMA (KOHA)
-- DEWEY
-- 73404
-- 2021-11-11
-- 5
-- CCODEBUL1
-- BUL
-- 22.99
-- 0
-- Y
-- BOOK
-- 2016-6-2
-- TEOLOGIA
-- P35
-- COMPRA
-- .STAFF. Colección General
980 ## - EQUIVALENCIA O REFERENCIA-CRUZADA-MENCIÓN DE SERIE--NOMBRE DE PERSONA/TÍTULO [LOCAL, CANADÁ]
ID del último usuario que modificó el registro 1
Nombre del último usuario que modificó el registro ALBERTO SANCHEZ Responsable de Automatización
Existencias
Visto por última vez Número de inventario Total de préstamos Signatura topográfica completa Código de barras Copia número Coste, precio de reemplazo Fecha de reemplazo Facultad Tipo de ítem Koha Nota pública Estado de pérdida Fuente del sistema de clasificación o colocación Restricciones de uso No para préstamo Colección Programa académico Biblioteca de origen Biblioteca actual Ubicación en estantería Fecha de adquisición Fuente de adquisición Coste, precio normal de compra
2025-12-02 6   280.042 N26 73404 e1 27.99 2016-06-02   Libros físicos inventario-2023-12-13 No Perdido Clasificación Decimal Dewey No restringido Disponible para préstamos Colección General Teología Biblioteca CRAI UPeU Lima Biblioteca CRAI UPeU Lima Sala principal 2016-06-02 COMPRA 22.99